000 01698 a2200217 4500
001 35990
005 20260407155637.0
008 260407a1959 arg spa d
003 AR-UNSa-BCEJYS
040 _aAR-UNSa-BCEJYS
_bspa
_cAR-UNSa-BCEJYS
080 _a658.5
_xPlanificación y control de la producción
245 1 0 _aControl de la producción
250 _a2a. ed.
264 1 _aNew York :
_bMcGraw-Hill
_c1959
300 _a677 p.
_c24 cm.
505 _a1. Funciones del control de la producción - 2. Tipos de producción - 3. Clases secundarias de producción - 4. Tipos y procedimientos de control - 5. Organización del control de la producción - 6. Previsión - 7. Previsión(continuación) - 8. Estimación - 9. Estimación( continuación) - 10. Autorización de la actuación - 11. Primer planemiento-Aspectos técnicos - 12. Planeamiento-Aspectos técnicos - 13. Instrucciones principales de elaboración - 14. Sistemas de identificación y calendarios - 15. Estimación de la mano de obra - 16. Control de existencias en la fabricación sobre pedido - 17. Control de existencias(continuación) - 18. Planeamiento. Aspectos del control de producción - 19. Preparación de la fabricación - 20. Programación - 21. Despacho - 22. Mantenimiento de la marcha de la producción - 23. Otros problemas de taller - 24. Control por bloques y por volumen de trabajo - 25. Control por volumen de producción - 26. Control por volumen de producción - 27. Investigación operativa - 28. Programación lineal - 29. Máquinas tabuladoras y calculadoras.
942 _cBK
590 _aniveau_biblio:m niveau_hierar:0
100 1 _aMoore, Franklin G.
700 1 _aPérez Martinez, Carlos
999 _c2600
_d2600